000 01757nam a2200313 u 4500
001 000004036
003 DO-SdBNP
005 20260305073950.0
008 090716s1988 dr 001 0 spa d
040 _aDO-SdBNP
_bspa
_cBNPHU
082 4 _a338.925
_bP855p
245 0 0 _aPosibilidades de privatización económica en la República Dominicana /
_ceditor, Frank Moya Pons.
260 _aSanto Domingo :
_bFORUM,
_c1988.
300 _a165 p. ;
_c22 cm.
490 0 _aFORUM ;
_v28
500 _aIncluye referencias bibliográficas y notas al pie de las páginas
504 _aBibliografía : p. 127
505 0 _gPresentación --
_tIntroducción /
_rFrank Moya Pons --
_tFilosofía de la privatización económica /
_rHugh Brache --
_gDebate --
_tReorientación del papel de las empresas estatales en la economía dominicana /
_rPartenio Ortíz --
_tLa privatización de las empresas del estado. Aspectos legales /
_rLuis Heredia Bonetti --
_gDebate.
520 _aRecoge las exposiciones que fueron presentadas en el Encuentro "Las Posibilidades de Privatización Económica en la República Dominicana", celebrado por FORUM, en el Hotel Santo Domingo Sur, el 21 de agosto de 1986.
590 _aInventariado, 2018/BT
650 4 _aPrivatización
_zRepública Dominicana
_912063
_vCongresos, conferencias, etc.
650 4 _aEmpresas estatales
_zRepública Dominicana
_912064
_vCongresos, conferencias, etc.
651 4 _aRepública Dominicana
_xCondiciones económicas
_98547
_vCongresos, conferencias, etc.
651 4 _aRepública Dominicana
_xPolítica económica
_912065
_vCongresos, conferencias, etc.
700 1 _aMoya Pons, Frank,
_d1944-
_eed.
_92095
830 0 _aFORUM ;
_n28
_912066
910 _aValidado. Control de calidad. EMS
942 _2ddc
_cLBS1
999 _c3855
_d3855